[Event "Milan Crespi op-A 34th"]
[Site "Milan"]
[Date "2013.12.08"]
[Round "7"]
[White "Di Lascio, Savino"]
[Black "Corso, Gabriele"]
[Result "1-0"]
[WhiteElo "1893"]
[BlackElo "1769"]
[PlyCount "87"]
[EventDate "2013.12.04"]
[EventType "swiss"]
[EventRounds "7"]
[EventCountry "ITA"]
[SourceTitle "EXT 2024"]
[Source "ChessBase"]
[SourceDate "2023.10.10"]
[SourceVersion "1"]
[SourceVersionDate "2023.10.10"]
[SourceQuality "1"]

1. b4 d5 2. Bb2 e6 3. Nf3 Nf6 4. b5 a6 5. a4 axb5 6. axb5 Rxa1 7. Bxa1 Be7 8. e3 Bd7 9. Ne5 c6 10. Bd3 0-0 11. g4 c5 12. g5 Ne8 13. Qh5 f5 14. g6 Nf6 15. gxh7+ Nxh7 16. Rg1 Bf6 17. c4 Be8 18. Qh3 Nd7 19. f4 Nb6 20. Nc3 dxc4 21. Be2 Qa8 22. Kf2 Qd8 23. Ke1 Bh4+ 24. Kd1 Bf6 25. Qg2 Nd5 26. Nxd5 exd5 27. Bf3 d4 28. Bd5+ Kh8 29. exd4 cxd4 30. Bxd4 b6 31. Bc3 Qc7 32. Bb4 Bh5+ 33. Kc2 Rd8 34. Bc3 Rf8 35. Qh3 Be8 36. Bb4 Be7 37. Bxe7 Qxe7 38. Bxc4 Qc7 39. Rg3 Qc8 40. Rg6 Qc5 41. Rc6 Qd4 42. Rc8 Qe4+ 43. Kb2 Qd4+ 44. Kb3 1-0

[Event "Crema op 15th"]
[Site "Crema"]
[Date "2013.09.01"]
[Round "5"]
[White "Corso, Gabriele"]
[Black "Botta, Massimiliano"]
[Result "1-0"]
[WhiteElo "1789"]
[BlackElo "1632"]
[PlyCount "83"]
[EventDate "2013.08.30"]
[EventType "swiss"]
[EventRounds "6"]
[EventCountry "ITA"]
[SourceTitle "EXT 2015"]
[Source "ChessBase"]
[SourceDate "2014.11.20"]
[SourceVersion "1"]
[SourceVersionDate "2014.11.20"]
[SourceQuality "1"]

1. e4 c5 2. Nf3 d6 3. Bb5+ Bd7 4. Bxd7+ Nxd7 5. 0-0 Ngf6 6. Qe2 Qc7 7. Rd1 g6 8. c3 Bg7 9. d4 cxd4 10. cxd4 e6 11. Nc3 a6 12. h3 0-0 13. Be3 Rac8 14. Rac1 Qa5 15. Bd2 Qd8 16. Bg5 Qb6 17. e5 Nd5 18. Nxd5 exd5 19. Be7 dxe5 20. Bxf8 Rxf8 21. dxe5 Qe6 22. Nd4 Qxe5 23. Qxe5 Bxe5 24. Nf3 Bxb2 25. Rb1 Bg7 26. Rxd5 Nf6 27. Rd6 Ne4 28. Rdb6 Nc3 29. Re1 Nxa2 30. Rxb7 a5 31. Ra7 Bc3 32. Re2 Nb4 33. Rxa5 Rc8 34. Ra7 Nd5 35. Rc2 Rd8 36. Rb7 h6 37. Rb5 Bb4 38. Rc4 Be7 39. Rd4 Nc7 40. Rxd8+ Bxd8 41. Rb8 Ne6 42. Nd4 1-0

[Event "Milan Carnevale op 4th"]
[Site "Milan"]
[Date "2013.02.16"]
[Round "4"]
[White "Boer, Stefan"]
[Black "Corso, Gabriele"]
[Result "1/2-1/2"]
[WhiteElo "1918"]
[BlackElo "1792"]
[PlyCount "48"]
[EventDate "2013.02.13"]
[EventType "swiss"]
[EventRounds "6"]
[EventCountry "ITA"]
[SourceTitle "EXT 2014"]
[Source "ChessBase"]
[SourceDate "2013.11.20"]
[SourceVersion "1"]
[SourceVersionDate "2013.11.20"]
[SourceQuality "1"]

1. d4 d5 2. Bf4 Nf6 3. e3 Bf5 4. Nf3 e6 5. Bd3 Bxd3 6. Qxd3 Nbd7 7. 0-0 Be7 8. h3 0-0 9. Nbd2 c5 10. c3 c4 11. Qe2 b5 12. b4 a5 13. a3 axb4 14. axb4 Nb6 15. Qd1 Rxa1 16. Qxa1 Qa8 17. Qb2 Qb7 18. Ra1 Ra8 19. Rxa8+ Qxa8 20. Bg5 Qa4 21. Qc1 Kf8 22. Bxf6 gxf6 23. Kh2 Bd6+ 24. g3 f5 1/2-1/2

[Event "Milan Crespi op-B 33rd"]
[Site "Milan"]
[Date "2012.12.07"]
[Round "3"]
[White "Pasquotto, Mirko"]
[Black "Corso, Gabriele"]
[Result "1-0"]
[WhiteElo "1870"]
[BlackElo "1804"]
[PlyCount "60"]
[EventDate "2012.12.05"]
[EventType "swiss"]
[EventRounds "7"]
[EventCountry "ITA"]
[SourceTitle "EXT 2015"]
[Source "ChessBase"]
[SourceDate "2014.11.20"]
[SourceVersion "1"]
[SourceVersionDate "2014.11.20"]
[SourceQuality "1"]

1. d4 d5 2. c4 c6 3. Nf3 Nf6 4. Nc3 dxc4 5. e3 b5 6. a4 b4 7. Na2 e6 8. Bxc4 a5 9. 0-0 Ba6 10. b3 Be7 11. Bb2 0-0 12. Nc1 Qc7 13. Nd3 Rd8 14. Rc1 Nbd7 15. Qc2 Bxc4 16. Qxc4 Rac8 17. Nfe5 c5 18. dxc5 Nxc5 19. Qf4 Qb7 20. Nxc5 Bxc5 21. Nc4 Qa7 22. Qg5 h6 23. Qg3 Be7 24. Rfd1 Kf8 25. Qe5 Rxd1+ 26. Rxd1 Qc5 27. f3 Ke8 28. Bd4 Qxe5 29. Bxe5 Ra8 30. e4 Rd8 1-0

[Event "Milan Crespi op-B 33rd"]
[Site "Milan"]
[Date "2012.12.06"]
[Round "2"]
[White "Corso, Gabriele"]
[Black "Reale, Simone"]
[Result "0-1"]
[WhiteElo "1804"]
[BlackElo "1880"]
[PlyCount "40"]
[EventDate "2012.12.05"]
[EventType "swiss"]
[EventRounds "7"]
[EventCountry "ITA"]
[SourceTitle "EXT 2015"]
[Source "ChessBase"]
[SourceDate "2014.11.20"]
[SourceVersion "1"]
[SourceVersionDate "2014.11.20"]
[SourceQuality "1"]

1. e4 c5 2. Nf3 d6 3. Bb5+ Nd7 4. d4 cxd4 5. Qxd4 Ngf6 6. Nc3 a6 7. Bc4 e6 8. Bg5 Be7 9. 0-0 0-0 10. a4 b6 11. Rfd1 Qc7 12. Rd2 h6 13. Bh4 Ne5 14. Nxe5 dxe5 15. Qd3 Rd8 16. Bd5 Bb7 17. Qf3 exd5 18. Bxf6 dxe4 19. Rxd8+ Rxd8 20. Bxe5 Qxe5 0-1

[Event "Milan Crespi op-B 33rd"]
[Site "Milan"]
[Date "2012.12.05"]
[Round "1"]
[White "D'Orta, Antonio"]
[Black "Corso, Gabriele"]
[Result "1-0"]
[WhiteElo "1934"]
[BlackElo "1804"]
[PlyCount "41"]
[EventDate "2012.12.05"]
[EventType "swiss"]
[EventRounds "7"]
[EventCountry "ITA"]
[SourceTitle "EXT 2015"]
[Source "ChessBase"]
[SourceDate "2014.11.20"]
[SourceVersion "1"]
[SourceVersionDate "2014.11.20"]
[SourceQuality "1"]

1. e4 e5 2. Bc4 Nf6 3. d3 d5 4. exd5 Nxd5 5. Nf3 Nc6 6. a3 Be7 7. Nbd2 0-0 8. 0-0 Bg4 9. c3 a6 10. Ne4 Qd7 11. h3 Be6 12. Nfg5 Bf5 13. f4 exf4 14. Bxf4 Nxf4 15. Rxf4 Ne5 16. Ba2 Nxd3 17. Nxf7 Rxf7 18. Bxf7+ Kxf7 19. Rxf5+ Qxf5 20. Qxd3 Rd8 21. Nd6+ 1-0

[Event "Vimercate op 6th"]
[Site "Vimercate"]
[Date "2012.11.23"]
[Round "1"]
[White "Corso, Gabriele"]
[Black "Contin, Daniel"]
[Result "0-1"]
[WhiteElo "1804"]
[BlackElo "2377"]
[PlyCount "78"]
[EventDate "2012.11.23"]
[EventType "swiss"]
[EventRounds "5"]
[EventCountry "ITA"]
[SourceTitle "CBM 151 Extra"]
[Source "ChessBase"]
[SourceDate "2012.12.18"]
[SourceVersion "1"]
[SourceVersionDate "2012.12.18"]
[SourceQuality "1"]

1. e4 e6 2. d4 d5 3. e5 c5 4. c3 Qb6 5. Nf3 Bd7 6. Be2 Nc6 7. 0-0 Nh6 8. Bxh6 gxh6 9. Qd2 Bg7 10. Na3 0-0 11. Nc2 cxd4 12. cxd4 f6 13. exf6 Rxf6 14. Ne3 Raf8 15. Rfd1 Rf4 16. Nc2 Be8 17. Qe3 Re4 18. Qd2 Bh5 19. Rab1 Nxd4 20. Ncxd4 Bxd4 21. Nxd4 Bxe2 22. Re1 Bc4 23. Rxe4 dxe4 24. b3 Bd3 25. Nc2 Rc8 26. Rb2 e5 27. Ne3 Qe6 28. h3 h5 29. Qa5 Rc1+ 30. Kh2 Qf6 31. Qd2 Rc8 32. Nd5 Qd8 33. Ne3 Rc6 34. Qe1 Qg5 35. Qg1 h4 36. Qe1 b6 37. Qd2 Qf4+ 38. Kg1 b5 39. Ng4 Rc1+ 0-1

[Event "Crema op 14th"]
[Site "Crema"]
[Date "2012.09.01"]
[Round "3"]
[White "Corso, Gabriele"]
[Black "Biava, Pierluigi"]
[Result "1-0"]
[WhiteElo "1764"]
[BlackElo "1655"]
[PlyCount "79"]
[EventDate "2012.08.31"]
[EventType "swiss"]
[EventRounds "6"]
[EventCountry "ITA"]
[SourceTitle "EXT 2014"]
[Source "ChessBase"]
[SourceDate "2013.11.20"]
[SourceVersion "1"]
[SourceVersionDate "2013.11.20"]
[SourceQuality "1"]

1. e4 c5 2. Nf3 e6 3. c3 Nf6 4. e5 Nd5 5. d4 a6 6. a4 Nc6 7. c4 Ndb4 8. d5 Nd4 9. Na3 exd5 10. Nxd4 cxd4 11. Qxd4 Qa5 12. Bd2 Bc5 13. Qxd5 d6 14. exd6 Qb6 15. Qe5+ Be6 16. Be3 Bxe3 17. Qxe3 Qxd6 18. Rd1 Qe7 19. Be2 0-0 20. 0-0 Qf6 21. Qd4 Qxd4 22. Rxd4 Nc6 23. Rd2 Rfd8 24. Rfd1 Kf8 25. Rxd8+ Rxd8 26. Rxd8+ Nxd8 27. b4 Nc6 28. Nc2 Ke7 29. f4 Kd6 30. Kf2 g6 31. Ke3 h5 32. Kd2 Bg4 33. Bxg4 hxg4 34. Kc3 Ne7 35. Ne3 f5 36. c5+ Kc6 37. Kd4 b6 38. cxb6 Kxb6 39. Nd5+ Nxd5 40. Kxd5 1-0